| 000 | 00923cam a2200253 4500 | ||
|---|---|---|---|
| 008 | 010730n2001 000 0 eng u | ||
| 020 | _a1842190695 | ||
| 035 | _a(Sirsi) u113839 | ||
| 041 | _aeng | ||
| 050 | _a745.1 | ||
| 110 |
_aRoyal Institution of Chartered Surveyors _94900 |
||
| 245 | _aYour antiques: a guide to the care of your antiques and collectables | ||
| 260 |
_aLondon _bRICS _c2001 |
||
| 300 | _a27p. : ill. ; 21cm. | ||
| 520 | _aOffers common sense advice on how best to care for antiques and fine arts, and draws attention to the various ways in which chartered surveyors may be able to help retain their value. | ||
| 650 |
_aArts and antiques _96217 |
||
| 650 | _aART | ||
| 650 | _aCOLLECTIBLES | ||
| 650 | _aFINE ART | ||
| 650 | _aSURVEYORS | ||
| 690 |
_aArts and antiques _96217 |
||
| 710 |
_aRoyal Institution of Chartered Surveyors _bAntiques and Fine Arts Faculty _94249 |
||
| 942 | _n0 | ||
| 999 |
_c101564 _d101564 |
||